000
00366nam a2200181Ia 4500
005
20251020182553.0
008
200515s9999 xx 000 0 und d
082
_a
R/658.87/I59/1995
110
_a
Inri
245
0
_a
Guía Inri
260
_a
Lima
260
_c
1995
300
_a
616
650
_a
GUIAS
650
_a
LIB
650
_a
PUB INEI
942
_c
LIB
999
_c
2799
_d
2799